| 000 | 00687nam 22002173 4500 | ||
|---|---|---|---|
| 001 | 199965 | ||
| 010 | _a972-33-1180-1 | ||
| 021 |
_aPT _b97261/96 |
||
| 090 | _a199965 | ||
| 100 | _a20260115d u||y0pory50 ba | ||
| 200 |
_aO meu corpo por dentro e por fora _fN. Warnars-Kleverlaan, J. Verheyen _etudo o que as crianças dos 5 aos 9 anos devem saber sobre o corpo humano |
||
| 210 |
_aLisboa _cEditorial Estampa _dcop. 1996 |
||
| 215 |
_a36 p. _cil. ; encadernado _d26 cm |
||
| 606 |
_aMedicina _9927 |
||
| 610 | _acorpo humano | ||
| 675 |
_a61 _vPT _zpor |
||
| 700 |
_aKleverlaan _915793 _bN. Warnars |
||
| 701 |
_915797 _aVerheyen _bJ. |
||
| 801 |
_aPT _bBMMN _gRPC |
||
| 830 | _cIsabel | ||
| 990 | _cLIVROS | ||